000 00688nam a2200289Ia 4500
005 20260324143041.0
008 008 260324s9999 xx 000 0 eng d
020 _a9781315244570
037 _aEBOOK
040 _aCRL
040 _beng
040 _cCRL
041 _2eng
041 _aeng
084 _qCRL
100 _aWilliam F. Gentrup; Jean R. Brink
_91214203
245 0 _aRenaissance Culture in Context
245 0 _bTheory and Practice
260 _bTaylor and Francis
260 _c1993
365 _a
365 _b220
856 _uhttp://www.taylorfrancis.com/books/9781315244570
942 _cEBOOK
999 _c1819147
_d1819147